000
00308nam a22001337a 4500
008
170130b xxu||||| |||| 00| 0 eng d
020
_a
0192651080
041
_a
eng
080
_2
14TH
_a
61
100
_a
3
101
_a
SHMI
245
_a
THE EARLY DIAGNOSIS OF THE ACUTE ABDOMEN
_c
COPE,S.Z
942
_2
udc
_c
BK
999
_c
4026
_d
4026